| 000 | 00663nam a22002537a 4500 | ||
|---|---|---|---|
| 003 | UA-OsUOA | ||
| 001 | 27515 | ||
| 007 | ta | ||
| 008 | 20040820b un ||||| |||| 00| 0 ukr d | ||
| 100 | _aШкіль М. І. | ||
| 090 |
_a517.9 _bШ66 |
||
| 942 | _cBK | ||
| 040 |
_aUA-OsUOA _bukr _cUA-OsUOA _dUA-OsUOA |
||
| 245 |
_aДиференціальні рівняння _bНавч. пос. для студ. мат. спец. вищ. навч. закл. |
||
| 300 | _a368 с. | ||
| 955 | _a0 | ||
| 041 | _aukr | ||
| 080 | _a517.9 | ||
| 020 | _a966-575-140-9 | ||
| 260 |
_aКиїв _bТехніка _c2003 |
||
| 044 | _aUA | ||
| 650 | 7 | _2UDC | |
| 999 |
_c313861 _d313861 |
||